| 000 | 00885cam a2200277u 4500 | ||
|---|---|---|---|
| 001 | 7406046 | ||
| 005 | 20260507162345.0 | ||
| 008 | 830202s1946 nyu 000 0 eng | ||
| 010 | _aa 46004849 | ||
| 035 | _a7406046 | ||
| 040 | _cIRDP | ||
| 043 | _an-us--- | ||
| 050 | 0 | 0 |
_aH31 _b.C7 no. 523 |
| 051 |
_aJK585 _b.C5 1946a |
||
| 082 | _2320.4 CHA | ||
| 100 | 1 |
_aChamberlain, Lawrence H. _q(Lawrence Henry), _d1906-1989. |
|
| 245 | 1 | 4 | _aThe President, Congress, and legislation, |
| 260 |
_aNew York, _bColumbia university press; _aLondon, _bP. S. King & Staples, ltd., _c1946. |
||
| 300 |
_a478 p. _c23 cm. |
||
| 610 | 1 | 0 |
_aUnited States. _bCongress. |
| 650 | 0 |
_aLegislation _zUnited States. |
|
| 650 | 0 |
_aExecutive power _zUnited States. |
|
| 906 |
_a0 _bcbc _cpremunv _du _encip _f19 _gy-gencatlg |
||
| 942 |
_2ddc _cBOOKS |
||
| 999 |
_c9688 _d9688 |
||